<?xml version="1.0" encoding="UTF-8"?>
<record
    xmlns:xsi="http://www.w3.org/2001/XMLSchema-instance"
    xsi:schemaLocation="http://www.loc.gov/MARC21/slim http://www.loc.gov/standards/marcxml/schema/MARC21slim.xsd"
    xmlns="http://www.loc.gov/MARC21/slim">

  <leader>01414nam a2200193   4500</leader>
  <controlfield tag="005">20250812124557.0</controlfield>
  <datafield tag="020" ind1=" " ind2=" ">
    <subfield code="a"> 9780702081804</subfield>
  </datafield>
  <datafield tag="050" ind1=" " ind2=" ">
    <subfield code="a">RJ48.5</subfield>
    <subfield code="b">L68</subfield>
  </datafield>
  <datafield tag="100" ind1=" " ind2=" ">
    <subfield code="a">Lissauer, Tom</subfield>
  </datafield>
  <datafield tag="245" ind1=" " ind2=" ">
    <subfield code="a">Illustrated Textbook of Paediatrics</subfield>
  </datafield>
  <datafield tag="250" ind1=" " ind2=" ">
    <subfield code="a">Sixth edition</subfield>
  </datafield>
  <datafield tag="260" ind1=" " ind2=" ">
    <subfield code="a">Amsterdam</subfield>
    <subfield code="b">Elsevier</subfield>
    <subfield code="c">2022</subfield>
  </datafield>
  <datafield tag="300" ind1=" " ind2=" ">
    <subfield code="a">xiii, 593 pages</subfield>
  </datafield>
  <datafield tag="500" ind1=" " ind2=" ">
    <subfield code="a">includes index</subfield>
  </datafield>
  <datafield tag="505" ind1=" " ind2=" ">
    <subfield code="a">1. Paediatrics and Child Health 
2. History and Examination 
3. Normal Child Development, Hearing and Vision 
4. Developmental Problems and the Child with Special Needs 
5. Care of the Sick Child and Young Person 
6. Paediatric Emergencies 
7. Accidents and Poisoning 
8. Child Protection 
9. Genetics 
10. Perinatal Medicine 
11. Neonatal Medicine 
12. Growth and Puberty 
13. Nutrition 
14. Gastroenterology 
15. Infection and Immunity 
16. Allergy 
17. Respiratory Disorders 
18. Cardiac Disorders 
19. Kidney and Urinary Tract Disorders 
20. Genital Disorders 
21. Liver Disorders 
22. Malignant Disease 
23. Haematological Disorders 
24. Child and Adolescent Mental Health 
25. Dermatological Disorders 
26. Diabetes and Endocrinology 
27. Inborn Errors of Metabolism 
28. Musculoskeletal Disorders 
29. Neurological Disorders 
30. Adolescent Medicine 
31. Global Child Health
</subfield>
  </datafield>
  <datafield tag="650" ind1=" " ind2=" ">
    <subfield code="a"> Child Health Children Diseases Children Health and hygiene </subfield>
  </datafield>
  <datafield tag="700" ind1=" " ind2=" ">
    <subfield code="a">Carroll, Will</subfield>
  </datafield>
  <datafield tag="942" ind1=" " ind2=" ">
    <subfield code="c">BK</subfield>
  </datafield>
  <datafield tag="999" ind1=" " ind2=" ">
    <subfield code="c">8452</subfield>
    <subfield code="d">8452</subfield>
  </datafield>
  <datafield tag="952" ind1=" " ind2=" ">
    <subfield code="0">0</subfield>
    <subfield code="1">0</subfield>
    <subfield code="4">0</subfield>
    <subfield code="7">0</subfield>
    <subfield code="8">REF</subfield>
    <subfield code="a">MUCGM</subfield>
    <subfield code="b">MUCGM</subfield>
    <subfield code="c">GEN</subfield>
    <subfield code="d">2025-08-05</subfield>
    <subfield code="e">University of Ghana Book Shop (Main)</subfield>
    <subfield code="g">420.00</subfield>
    <subfield code="l">0</subfield>
    <subfield code="o">RJ48.5 L68</subfield>
    <subfield code="p">9120</subfield>
    <subfield code="r">2025-08-12 12:49:26</subfield>
    <subfield code="w">2025-08-12</subfield>
    <subfield code="y">BK</subfield>
  </datafield>
  <datafield tag="952" ind1=" " ind2=" ">
    <subfield code="0">0</subfield>
    <subfield code="1">0</subfield>
    <subfield code="4">0</subfield>
    <subfield code="7">0</subfield>
    <subfield code="8">REF</subfield>
    <subfield code="a">MUCGM</subfield>
    <subfield code="b">MUCGM</subfield>
    <subfield code="c">GEN</subfield>
    <subfield code="d">2025-08-05</subfield>
    <subfield code="e">University of Ghana Book Shop (Main)</subfield>
    <subfield code="g">420.00</subfield>
    <subfield code="l">0</subfield>
    <subfield code="o">RJ48.5 L68</subfield>
    <subfield code="p">9121</subfield>
    <subfield code="r">2025-08-12 12:50:14</subfield>
    <subfield code="w">2025-08-12</subfield>
    <subfield code="y">BK</subfield>
  </datafield>
</record>
